000 00730nam a2200265Ia 4500
001 AUWbook002152
003 BDCtgAUW
005 20260406155141.0
008 220908s9999 xx 000 0 eng d
040 _aBDCtgAUW
_cBDCtgAUW
050 _aN3450.L613
100 1 _aPantorba Bernardino De.
245 0 _aA guide book to the parado museum :
_bincluding a commentary and general historical information /
250 _aEleventh edition
260 _aMadrid :
_bCompa ia Bibliografica Espa ola,
_c1970.
300 _a202 pages.
650 0 _aFine Arts.
650 0 _aMusuem.
650 0 _aThe Pardo.
700 1 _aSalter, Cedric, Translator.
887 _a BRAC
_22982
888 _22982
942 _cBK
_00
945 _cBK
999 _c17794
_d17794